[Event "13. Golden Prague Rapid Open"]
[Site "Praha"]
[Date "2017.07.01"]
[Round "4.14"]
[White "Vavrinec, Tomas"]
[Black "Bily, Michal"]
[Result "1/2-1/2"]
[WhiteElo "2068"]
[BlackElo "1883"]
[Annotator ""]
[Source ""]
[Remark ""]

1.c4 {[%clk 0:12:03]} g6 {[%clk 0:12:02]} 2.Nc3 {[%clk 0:12:04]}
Bg7 {[%clk 0:12:04]} 3.g3 {[%clk 0:12:06]} d6 {[%clk 0:12:05]}
4.Bg2 {[%clk 0:12:07]} Nf6 {[%clk 0:12:07]} 5.Nf3 {[%clk 0:12:09]}
e5 {[%clk 0:12:06]} 6.O-O {[%clk 0:12:08]} O-O {[%clk 0:12:07]}
7.d3 {[%clk 0:12:09]} c6 {[%clk 0:11:58]} 8.Rb1 {[%clk 0:12:11]}
Nbd7 {[%clk 0:11:57]} 9.b4 {[%clk 0:12:10]} h6 {[%clk 0:11:54]}
10.b5 {[%clk 0:12:08]} Qc7 {[%clk 0:11:45]} 11.Bb2 {[%clk 0:12:00]}
a6 {[%clk 0:11:42]} 12.a4 {[%clk 0:11:57]} axb5 {[%clk 0:11:43]}
13.cxb5 {[%clk 0:11:44]} Nc5 {[%clk 0:11:44]} 14.Qc2 {[%clk 0:11:24]}
Be6 {[%clk 0:11:40]} 15.Ba3 {[%clk 0:11:18]} Ncd7 {[%clk 0:11:34]}
16.bxc6 {[%clk 0:10:50]} bxc6 {[%clk 0:11:30]} 17.Nb5 {[%clk 0:10:50]}
Qa5 {[%clk 0:11:17]} 18.Qxc6 {[%clk 0:09:23]} Bd5 {[%clk 0:11:08]}
19.Qxd6 {[%clk 0:09:09]} Ra6 {[%clk 0:10:02]} 20.Qc7 {[%clk 0:08:20]}
Re8 {[%clk 0:08:36]} 21.Qxa5 {[%clk 0:06:17]} Rxa5 {[%clk 0:08:37]}
22.Nc7 {[%clk 0:06:18]} Rc8 {[%clk 0:08:22]} 23.Nxd5 {[%clk 0:06:13]}
Nxd5 {[%clk 0:08:23]} 24.Rb7 {[%clk 0:05:57]} N5b6 {[%clk 0:07:03]}
25.Rb1 {[%clk 0:05:30]} Rxa4 {[%clk 0:07:05]} 26.Bd6 {[%clk 0:05:02]}
Rc6 {[%clk 0:06:08]} 27.Bxe5 {[%clk 0:04:02]} Rc2 {[%clk 0:05:06]}
28.Bxg7 {[%clk 0:03:44]} Kxg7 {[%clk 0:05:08]} 29.e3 {[%clk 0:02:57]}
Raa2 {[%clk 0:05:08]} 30.Rf1 {[%clk 0:02:59]} Rab2 {[%clk 0:04:56]}
31.Nd4 {[%clk 0:02:54]} Rd2 {[%clk 0:04:48]} 32.Bc6 {[%clk 0:02:33]}
Ne5 {[%clk 0:04:40]} 33.Be4 {[%clk 0:02:19]} Kf8 {[%clk 0:04:31]}
34.Nf3 {[%clk 0:01:35]} Rdc2 {[%clk 0:04:32]} 35.d4 {[%clk 0:01:33]}
Nxf3+ {[%clk 0:04:31]} 36.Bxf3 {[%clk 0:01:34]} Rd2 {[%clk 0:04:27]}
37.d5 {[%clk 0:01:26]} h5 {[%clk 0:04:14]} 38.e4 {[%clk 0:01:25]}
f6 {[%clk 0:04:14]} 39.h4 {[%clk 0:01:04]} Rb3 {[%clk 0:03:58]}
40.Kg2 {[%clk 0:01:03]} Rdd3 {[%clk 0:03:54]} 41.Be2 {[%clk 0:01:03]}
Rd2 {[%clk 0:03:54]} 42.Ba6 {[%clk 0:01:01]} g5 {[%clk 0:03:48]}
43.hxg5 {[%clk 0:01:03]} fxg5 {[%clk 0:03:50]} 44.e5 {[%clk 0:00:48]}
Rbb2 {[%clk 0:02:37]} 45.d6 {[%clk 0:00:48]} Nd5 {[%clk 0:02:11]}
46.Rxb2 {[%clk 0:00:47]} Rxb2 {[%clk 0:02:12]} 47.d7 {[%clk 0:00:43]}
Ke7 {[%clk 0:02:04]} 48.Bc8 {[%clk 0:00:41]} Ne3+ {[%clk 0:02:05]}
49.Kg1 {[%clk 0:00:42]} Nxf1 {[%clk 0:02:05]} 50.Kxf1 {[%clk 0:00:45]}
h4 {[%clk 0:02:01]} 51.gxh4 {[%clk 0:00:45]} gxh4 {[%clk 0:02:03]}
52.Kg2 {[%clk 0:00:47]} Rb3 {[%clk 0:02:06]} 53.e6 {[%clk 0:00:47]}
Rd3 {[%clk 0:02:06]} 54.f3 {[%clk 0:00:47]} h3+ {[%clk 0:02:03]}
55.Kxh3 {[%clk 0:00:48]} Rxf3+ {[%clk 0:02:05]} 56.Kg4 {[%clk 0:00:50]}
Rf6 {[%clk 0:01:47]} 57.Kg5 {[%clk 0:00:52]} Rxe6 1/2-1/2

[Event "13. Golden Prague Rapid Open"]
[Site "Praha"]
[Date "2017.07.01"]
[Round "4.15"]
[White "Pribylova, Sofie"]
[Black "Melich, Jindrich"]
[Result "1/2-1/2"]
[WhiteElo "1880"]
[BlackElo "2049"]
[Annotator ""]
[Source ""]
[Remark ""]

1.d4 {[%clk 0:12:04]} c5 {[%clk 0:12:05]} 2.d5 {[%clk 0:12:03]}
e5 {[%clk 0:12:06]} 3.e4 {[%clk 0:11:58]} d6 {[%clk 0:12:08]}
4.Bb5+ {[%clk 0:11:57]} Nd7 {[%clk 0:12:09]} 5.c4 {[%clk 0:11:55]}
a6 {[%clk 0:12:07]} 6.Bxd7+ {[%clk 0:11:56]} Bxd7 {[%clk 0:12:08]}
7.a4 {[%clk 0:11:49]} Be7 {[%clk 0:12:03]} 8.Ne2 {[%clk 0:11:47]}
Bg5 {[%clk 0:11:59]} 9.f4 {[%clk 0:11:32]} exf4 {[%clk 0:11:54]}
10.Nxf4 {[%clk 0:10:13]} Qe7 {[%clk 0:10:16]} 11.O-O {[%clk 0:10:00]}
Nh6 {[%clk 0:08:46]} 12.Nc3 {[%clk 0:09:26]} Ng4 {[%clk 0:08:21]}
13.Ne6 {[%clk 0:07:46]} Ne3 {[%clk 0:06:44]} 14.Qf3 {[%clk 0:06:31]}
fxe6 {[%clk 0:05:57]} 15.Bxe3 {[%clk 0:06:22]} Bxe3+ {[%clk 0:05:42]}
16.Qxe3 {[%clk 0:06:23]} e5 {[%clk 0:05:38]} 17.Rab1 {[%clk 0:05:44]}
a5 {[%clk 0:05:06]} 18.Nb5 {[%clk 0:05:36]} Bxb5 {[%clk 0:05:04]}
19.axb5 {[%clk 0:05:28]} Rf8 {[%clk 0:04:19]} 20.Qh3 {[%clk 0:05:07]}
g6 {[%clk 0:03:32]} 21.Qh6 {[%clk 0:04:34]} O-O-O {[%clk 0:02:47]}
22.b6 {[%clk 0:04:11]} Rf7 {[%clk 0:02:24]} 23.Rxf7 {[%clk 0:03:34]}
Qxf7 {[%clk 0:02:24]} 24.Rf1 {[%clk 0:03:35]} Qe7 {[%clk 0:02:18]}
25.Qd2 {[%clk 0:03:24]} Rf8 {[%clk 0:02:13]} 26.Qxa5 {[%clk 0:03:18]}
Rxf1+ {[%clk 0:02:15]} 27.Kxf1 {[%clk 0:03:20]} Qf6+ {[%clk 0:02:16]}
28.Kg1 {[%clk 0:03:09]} Qh4 {[%clk 0:02:05]} 29.Qa8+ {[%clk 0:03:08]}
Kd7 {[%clk 0:02:07]} 30.Qxb7+ {[%clk 0:03:08]} Ke8 {[%clk 0:02:09]}
31.Qc8+ {[%clk 0:02:53]} Kf7 {[%clk 0:02:10]} 32.g3 {[%clk 0:02:30]}
Qxe4 {[%clk 0:02:01]} 33.Qd7+ {[%clk 0:01:57]} Kg8 {[%clk 0:01:45]}
34.Qe8+ {[%clk 0:01:30]} Kg7 {[%clk 0:01:46]} 35.Qe7+ {[%clk 0:01:31]}
Kg8 {[%clk 0:01:46]} 36.Qe6+ {[%clk 0:01:00]} Kg7 {[%clk 0:01:48]}
37.Qd7+ {[%clk 0:01:01]} Kg8 {[%clk 0:01:46]} 38.b7 {[%clk 0:00:37]}
Qe1+ {[%clk 0:01:42]} 39.Kg2 {[%clk 0:00:40]} Qe2+ {[%clk 0:01:44]}
40.Kh3 {[%clk 0:00:18]} Qh5+ {[%clk 0:01:31]} 41.Kg2 {[%clk 0:00:19]}
Qe2+ {[%clk 0:01:33]} 42.Kg1 {[%clk 0:00:21]} Qe1+ {[%clk 0:01:33]}
43.Kg2 {[%clk 0:00:23]} Qe2+ {[%clk 0:01:36]} 1/2-1/2

[Event "13. Golden Prague Rapid Open"]
[Site "Praha"]
[Date "2017.07.01"]
[Round "4.16"]
[White "Kalvach, Ladislav"]
[Black "Muk, Ivo"]
[Result "0-1"]
[WhiteElo "1852"]
[BlackElo "2010"]
[Annotator ""]
[Source ""]
[Remark ""]

1.e4 {[%clk 0:12:04]} c5 {[%clk 0:12:04]} 2.Ne2 {[%clk 0:12:05]}
a6 {[%clk 0:11:57]} 3.g3 {[%clk 0:12:04]} d6 {[%clk 0:11:49]}
4.Bg2 {[%clk 0:12:03]} Nc6 {[%clk 0:11:47]} 5.O-O {[%clk 0:11:43]}
g6 {[%clk 0:11:46]} 6.d4 {[%clk 0:11:43]} cxd4 {[%clk 0:11:47]}
7.Nxd4 {[%clk 0:11:44]} Bg7 {[%clk 0:11:48]} 8.Nxc6 {[%clk 0:11:33]}
bxc6 {[%clk 0:11:50]} 9.e5 {[%clk 0:11:12]} d5 {[%clk 0:11:38]}
10.c4 {[%clk 0:10:41]} e6 {[%clk 0:11:39]} 11.Re1 {[%clk 0:10:34]}
Qc7 {[%clk 0:11:21]} 12.cxd5 {[%clk 0:09:49]} cxd5 {[%clk 0:11:17]}
13.Nc3 {[%clk 0:09:31]} Ne7 {[%clk 0:11:13]} 14.Bf4 {[%clk 0:09:06]}
O-O {[%clk 0:10:46]} 15.Rc1 {[%clk 0:09:08]} Qb7 {[%clk 0:09:40]}
16.Na4 {[%clk 0:08:42]} Rb8 {[%clk 0:08:46]} 17.b3 {[%clk 0:08:43]}
Qb4 {[%clk 0:08:12]} 18.Rc7 {[%clk 0:07:57]} Rb7 {[%clk 0:07:22]}
19.Bd2 {[%clk 0:06:47]} Qd4 {[%clk 0:07:06]} 20.Rxb7 {[%clk 0:06:12]}
Bxb7 {[%clk 0:07:05]} 21.Qe2 {[%clk 0:04:59]} Rc8 {[%clk 0:06:56]}
22.Bg5 {[%clk 0:04:17]} Nc6 {[%clk 0:06:33]} 23.Bf6 {[%clk 0:03:49]}
Bxf6 {[%clk 0:06:04]} 24.exf6 {[%clk 0:03:50]} Qxf6 {[%clk 0:06:04]}
25.Nc5 {[%clk 0:03:43]} Nd4 {[%clk 0:05:45]} 26.Qg4 {[%clk 0:02:49]}
Rxc5 {[%clk 0:05:38]} 27.h4 {[%clk 0:02:43]} Rc2 {[%clk 0:05:32]}
28.Rf1 {[%clk 0:02:37]} Rxa2 {[%clk 0:05:06]} 29.h5 {[%clk 0:02:28]}
Bc6 {[%clk 0:04:56]} 30.f4 {[%clk 0:02:15]} Nxb3 {[%clk 0:04:38]}
31.Rb1 {[%clk 0:02:02]} Ra1 {[%clk 0:04:35]} 32.Rxa1 {[%clk 0:01:57]}
Qxa1+ {[%clk 0:04:36]} 33.Kh2 {[%clk 0:02:00]} Qd4 {[%clk 0:04:16]}
34.h6 {[%clk 0:01:58]} a5 {[%clk 0:04:00]} 35.Qe2 {[%clk 0:01:48]}
Nc5 {[%clk 0:03:41]} 36.Qc2 {[%clk 0:01:35]} Kf8 {[%clk 0:03:25]}
37.Qb1 {[%clk 0:01:36]} Nd7 {[%clk 0:02:44]} 38.Qb3 {[%clk 0:01:22]}
a4 {[%clk 0:02:26]} 39.Qa3+ {[%clk 0:01:24]} Qc5 {[%clk 0:02:12]}
40.Qb2 {[%clk 0:01:26]} d4 {[%clk 0:02:07]} 41.Bxc6 {[%clk 0:01:20]}
Qxc6 {[%clk 0:02:10]} 42.Qxd4 {[%clk 0:01:22]} Ke7 {[%clk 0:01:53]}
43.Qg7 {[%clk 0:01:09]} Nf6 {[%clk 0:01:50]} 44.g4 {[%clk 0:00:50]}
Nxg4+ 45.Kg3 Nf6 {[%clk 0:01:48]} 46.Qh8 {[%clk 0:00:50]} Qc3+
{[%clk 0:01:45]} 47.Kg2 {[%clk 0:00:41]} Qd2+ {[%clk 0:01:45]} 0-1

[Event "13. Golden Prague Rapid Open"]
[Site "Praha"]
[Date "2017.07.01"]
[Round "4.17"]
[White "Mara, Jiri"]
[Black "Simecek, Bohumil"]
[Result "0-1"]
[WhiteElo "1642"]
[BlackElo "1983"]
[Annotator ""]
[Source ""]
[Remark ""]

1.e4 d5 2.exd5 Nf6 3.Nc3 Nxd5 4.Nxd5 Qxd5 5.Nf3 Bg4 6.Be2 e5
7.O-O Nc6 8.c3 O-O-O 9.Nh4 Bxe2 10.Qxe2 g6 11.Nf3 Be7 12.b4 e4
13.Ne1 f5 14.Nc2 Ne5 15.Ne3 Qe6 16.Bb2 Rhe8 17.Rfd1 f4 18.Nc2
Nd3 19.Bc1 Bf6 20.Ne1 Qd5 21.Nxd3 exd3 22.Qg4+ Qf5 23.Qxf5+ gxf5 0-1

[Event "13. Golden Prague Rapid Open"]
[Site "Praha"]
[Date "2017.07.01"]
[Round "4.18"]
[White "Kovar, Jan"]
[Black "Aubrecht, Petr"]
[Result "0-1"]
[WhiteElo "1978"]
[BlackElo "1659"]
[Annotator ""]
[Source ""]
[Remark ""]

1.e4 {[%clk 0:12:03]} c5 {[%clk 0:12:05]} 2.Nf3 {[%clk 0:12:05]}
d6 {[%clk 0:11:58]} 3.Bb5+ {[%clk 0:12:06]} Bd7 {[%clk 0:11:54]}
4.Bxd7+ {[%clk 0:12:08]} Qxd7 {[%clk 0:11:55]} 5.O-O {[%clk 0:12:09]}
Nc6 {[%clk 0:11:56]} 6.c3 {[%clk 0:12:07]} g6 {[%clk 0:11:53]}
7.d4 {[%clk 0:12:06]} cxd4 {[%clk 0:11:47]} 8.cxd4 {[%clk 0:12:08]}
Bg7 {[%clk 0:11:49]} 9.Nc3 {[%clk 0:12:07]} Nf6 {[%clk 0:11:14]}
10.Qe2 {[%clk 0:11:56]} O-O {[%clk 0:11:06]} 11.Rd1 {[%clk 0:11:58]}
a6 {[%clk 0:09:55]} 12.Bg5 {[%clk 0:11:41]} h6 {[%clk 0:09:36]}
13.Bh4 {[%clk 0:11:41]} g5 {[%clk 0:09:27]} 14.Bg3 {[%clk 0:11:42]}
Nh5 {[%clk 0:08:14]} 15.d5 {[%clk 0:10:26]} Nxg3 {[%clk 0:08:08]}
16.hxg3 {[%clk 0:10:24]} Ne5 {[%clk 0:07:57]} 17.Nd4 {[%clk 0:09:28]}
e6 {[%clk 0:06:17]} 18.Rac1 {[%clk 0:08:52]} Rac8 {[%clk 0:06:09]}
19.b3 {[%clk 0:08:37]} exd5 {[%clk 0:04:53]} 20.Nxd5 {[%clk 0:08:17]}
Rxc1 {[%clk 0:03:54]} 21.Rxc1 {[%clk 0:08:19]} Nc6 {[%clk 0:03:19]}
22.Nf5 {[%clk 0:08:07]} Qe6 {[%clk 0:02:13]} 23.f3 {[%clk 0:07:10]}
Nd4 {[%clk 0:01:27]} 24.Nxd4 {[%clk 0:06:47]} Bxd4+ {[%clk 0:01:22]}
25.Kf1 {[%clk 0:06:06]} Kg7 {[%clk 0:00:19]} 26.Rc7 {[%clk 0:05:41]}
Rc8 {[%clk 0:00:12]} 27.Qc4 {[%clk 0:04:14]} Bc5 {[%clk 0:00:11]}
28.Qc3+ {[%clk 0:04:01]} Kh7 {[%clk 0:00:04]} 29.Re7 {[%clk 0:00:55]}
Qg6 {[%clk 0:00:06]} 30.Nf6+ {[%clk 0:00:12]} Kg7 {[%clk 0:00:07]} 0-1

[Event "13. Golden Prague Rapid Open"]
[Site "Praha"]
[Date "2017.07.01"]
[Round "5.1"]
[White "Balacek, Tadeas"]
[Black "Netusil, Miloslav"]
[Result "1/2-1/2"]
[WhiteElo "2308"]
[BlackElo "2249"]
[Annotator ""]
[Source ""]
[Remark ""]

1.d4 {[%clk 0:12:04]} d5 {[%clk 0:12:01]} 2.c4 {[%clk 0:12:05]}
Bf5 {[%clk 0:12:03]} 3.cxd5 {[%clk 0:12:06]} Bxb1 {[%clk 0:12:04]}
4.Qa4+ {[%clk 0:11:55]} c6 {[%clk 0:12:05]} 5.dxc6 {[%clk 0:11:47]}
Nxc6 {[%clk 0:12:06]} 6.Rxb1 {[%clk 0:11:48]} Qxd4 {[%clk 0:12:07]}
7.Qxd4 {[%clk 0:11:35]} Nxd4 {[%clk 0:12:08]} 8.e3 {[%clk 0:11:05]}
Nc6 {[%clk 0:12:00]} 9.Nf3 {[%clk 0:10:59]} e6 {[%clk 0:12:01]}
10.Bd2 {[%clk 0:10:51]} Be7 {[%clk 0:11:36]} 11.Bb5 {[%clk 0:10:35]}
Rc8 {[%clk 0:11:27]} 12.Rc1 {[%clk 0:10:06]} Bf6 {[%clk 0:11:26]}
13.Bc3 {[%clk 0:09:10]} Bxc3+ {[%clk 0:11:26]} 14.Rxc3 {[%clk 0:09:11]}
Nge7 {[%clk 0:11:27]} 15.Ne5 {[%clk 0:08:56]} a6 {[%clk 0:11:15]}
16.Bxc6+ {[%clk 0:08:44]} Nxc6 {[%clk 0:11:14]} 17.Ke2 {[%clk 0:07:37]}
f6 {[%clk 0:10:46]} 18.Nxc6 {[%clk 0:07:15]} Rxc6 {[%clk 0:10:47]}
19.Rxc6 {[%clk 0:07:16]} bxc6 {[%clk 0:10:48]} 20.Rd1 {[%clk 0:06:00]}
Ke7 {[%clk 0:10:48]} 21.Rd4 {[%clk 0:05:52]} Rb8 {[%clk 0:10:18]}
22.b3 {[%clk 0:05:53]} Rb5 {[%clk 0:10:04]} 23.Kd3 {[%clk 0:05:42]}
a5 {[%clk 0:08:50]} 24.h4 {[%clk 0:05:08]} g6 {[%clk 0:08:23]}
25.Kc3 {[%clk 0:04:33]} e5 {[%clk 0:08:05]} 26.Rd2 {[%clk 0:04:25]}
Rc5+ {[%clk 0:08:03]} 27.Kb2 {[%clk 0:04:21]} Rb5 {[%clk 0:07:58]}
28.Ka3 {[%clk 0:03:47]} Rb4 {[%clk 0:07:45]} 29.g3 {[%clk 0:03:48]}
h5 {[%clk 0:07:08]} 30.Rc2 {[%clk 0:03:18]} Kd6 {[%clk 0:07:04]} 1/2-1/2

[Event "13. Golden Prague Rapid Open"]
[Site "Praha"]
[Date "2017.07.01"]
[Round "5.2"]
[White "Pribyl, Josef"]
[Black "Kiss, Pal"]
[Result "1/2-1/2"]
[WhiteElo "2240"]
[BlackElo "2339"]
[Annotator ""]
[Source ""]
[Remark ""]

1.d4 {[%clk 0:12:05]} d5 {[%clk 0:12:03]} 2.Nf3 {[%clk 0:12:07]}
Nf6 {[%clk 0:12:04]} 3.g3 {[%clk 0:12:10]} Bf5 {[%clk 0:12:01]}
4.Bg2 {[%clk 0:12:12]} e6 {[%clk 0:12:03]} 5.O-O {[%clk 0:12:12]}
h6 {[%clk 0:12:04]} 6.c4 {[%clk 0:12:14]} c6 {[%clk 0:12:06]}
7.Nbd2 {[%clk 0:12:11]} Nbd7 {[%clk 0:12:04]} 8.b3 {[%clk 0:12:09]}
Be7 {[%clk 0:12:01]} 9.Bb2 {[%clk 0:12:11]} O-O {[%clk 0:12:02]}
10.Re1 {[%clk 0:12:05]} Ne4 {[%clk 0:11:50]} 11.a3 {[%clk 0:12:02]}
a5 {[%clk 0:11:51]} 12.e3 {[%clk 0:11:55]} Re8 {[%clk 0:10:04]}
13.Bf1 {[%clk 0:11:29]} Nxd2 {[%clk 0:09:55]} 14.Nxd2 {[%clk 0:11:28]}
Nf6 {[%clk 0:09:44]} 15.c5 {[%clk 0:10:59]} Ne4 {[%clk 0:09:15]} 1/2-1/2

[Event "13. Golden Prague Rapid Open"]
[Site "Praha"]
[Date "2017.07.01"]
[Round "5.3"]
[White "Plischki, Sebastian"]
[Black "Konopka, Michal"]
[Result "1/2-1/2"]
[WhiteElo "2415"]
[BlackElo "2415"]
[Annotator ""]
[Source ""]
[Remark ""]

1.Nf3 {[%clk 0:12:04]} Nf6 {[%clk 0:12:03]} 2.c4 {[%clk 0:12:05]}
g6 {[%clk 0:12:03]} 3.Nc3 {[%clk 0:12:07]} d5 {[%clk 0:12:02]}
4.cxd5 {[%clk 0:12:04]} Nxd5 {[%clk 0:12:03]} 5.Qa4+ {[%clk 0:12:02]}
c6 {[%clk 0:12:04]} 6.Nxd5 {[%clk 0:11:48]} Qxd5 {[%clk 0:12:04]}
7.e4 {[%clk 0:11:49]} Qd8 {[%clk 0:11:15]} 8.d4 {[%clk 0:11:48]}
Bg7 {[%clk 0:11:17]} 9.Be3 {[%clk 0:11:46]} O-O {[%clk 0:10:58]}
10.Rd1 {[%clk 0:11:43]} Bg4 {[%clk 0:10:16]} 11.Be2 {[%clk 0:11:36]}
Nd7 {[%clk 0:10:12]} 12.O-O {[%clk 0:11:20]} Nf6 {[%clk 0:09:42]} 1/2-1/2

[Event "13. Golden Prague Rapid Open"]
[Site "Praha"]
[Date "2017.07.01"]
[Round "5.4"]
[White "Frolov, Artur"]
[Black "Pochinkov, Andrey"]
[Result "1/2-1/2"]
[WhiteElo "2332"]
[BlackElo "2021"]
[Annotator ""]
[Source ""]
[Remark ""]

1.e4 {[%clk 0:12:06]} e6 {[%clk 0:12:04]} 2.d4 {[%clk 0:12:08]}
d5 {[%clk 0:12:06]} 3.Nd2 {[%clk 0:12:10]} Nf6 {[%clk 0:12:08]}
4.e5 {[%clk 0:12:12]} Nfd7 {[%clk 0:12:10]} 5.Bd3 {[%clk 0:12:15]}
c5 {[%clk 0:12:11]} 6.c3 {[%clk 0:12:17]} Nc6 {[%clk 0:12:13]}
7.Ne2 {[%clk 0:12:19]} cxd4 {[%clk 0:12:15]} 8.cxd4 {[%clk 0:12:21]}
f6 {[%clk 0:12:17]} 9.exf6 {[%clk 0:12:23]} Nxf6 {[%clk 0:12:19]}
10.O-O {[%clk 0:12:24]} Bd6 {[%clk 0:12:20]} 11.Nf3 {[%clk 0:12:26]}
Qc7 {[%clk 0:12:17]} 12.g3 {[%clk 0:12:12]} O-O {[%clk 0:12:16]}
13.Bf4 {[%clk 0:12:10]} e5 {[%clk 0:11:01]} 14.dxe5 {[%clk 0:12:07]}
Nxe5 {[%clk 0:11:02]} 15.Nxe5 {[%clk 0:12:02]} Bxe5 {[%clk 0:11:04]}
16.Rc1 {[%clk 0:12:02]} Qd6 {[%clk 0:11:04]} 17.Qb3 {[%clk 0:11:20]}
Be6 {[%clk 0:10:44]} 18.Bxe5 {[%clk 0:10:41]} Qxe5 {[%clk 0:10:45]}
19.Nf4 {[%clk 0:10:42]} Bf7 {[%clk 0:10:30]} 20.Rfe1 {[%clk 0:10:39]}
Qd4 {[%clk 0:09:38]} 21.Qc3 {[%clk 0:09:21]} Qb6 {[%clk 0:09:25]}
22.Bf5 {[%clk 0:08:02]} Rfe8 {[%clk 0:08:59]} 23.b3 {[%clk 0:07:09]}
Rad8 {[%clk 0:08:01]} 24.Rxe8+ {[%clk 0:06:15]} Rxe8 {[%clk 0:08:01]}
25.Re1 {[%clk 0:06:13]} d4 {[%clk 0:07:38]} 26.Rxe8+ {[%clk 0:06:11]}
Nxe8 {[%clk 0:07:39]} 27.Qc8 {[%clk 0:06:05]} Qc6 {[%clk 0:07:07]}
28.Qxc6 {[%clk 0:05:51]} bxc6 {[%clk 0:07:09]} 29.Bd7 {[%clk 0:05:52]}
c5 {[%clk 0:07:07]} 30.Bxe8 {[%clk 0:05:50]} Bxe8 {[%clk 0:07:08]}
31.Ne6 {[%clk 0:05:40]} d3 {[%clk 0:06:55]} 32.Kf1 {[%clk 0:05:41]}
c4 {[%clk 0:06:49]} 33.bxc4 {[%clk 0:03:33]} Bf7 {[%clk 0:06:50]}
34.Nc5 {[%clk 0:03:36]} Bxc4 {[%clk 0:06:51]} 35.Ke1 {[%clk 0:03:38]}
Bxa2 {[%clk 0:06:52]} 36.Nxd3 {[%clk 0:03:40]} Kf7 {[%clk 0:06:50]}
37.Kd2 {[%clk 0:03:17]} Ke6 {[%clk 0:06:42]} 38.f4 {[%clk 0:02:56]}
Kf5 {[%clk 0:06:34]} 39.Ke3 {[%clk 0:02:40]} Bb1 {[%clk 0:06:34]}
40.Ne5 {[%clk 0:02:38]} a5 {[%clk 0:06:26]} 41.g4+ {[%clk 0:02:37]}
Ke6 {[%clk 0:06:22]} 42.Kd4 {[%clk 0:02:37]} a4 {[%clk 0:06:19]}
43.Nc4 {[%clk 0:02:04]} Ba2 {[%clk 0:06:04]} 44.Ne3 {[%clk 0:02:03]}
Bb3 {[%clk 0:05:51]} 45.Kc3 {[%clk 0:02:02]} g6 {[%clk 0:05:20]}
46.Kb4 {[%clk 0:01:56]} Kd6 {[%clk 0:05:17]} 47.h4 {[%clk 0:01:52]}
Ke6 {[%clk 0:05:12]} 48.g5 {[%clk 0:01:38]} Kd6 {[%clk 0:05:03]}
49.f5 {[%clk 0:01:29]} gxf5 {[%clk 0:04:45]} 50.Nxf5+ {[%clk 0:01:31]}
Ke5 {[%clk 0:04:46]} 51.Ne7 {[%clk 0:01:24]} Kf4 {[%clk 0:04:45]}
52.g6 {[%clk 0:01:21]} h5 {[%clk 0:04:30]} 53.g7 {[%clk 0:01:19]}
Kg4 {[%clk 0:04:26]} 54.g8Q+ {[%clk 0:01:19]} Bxg8 {[%clk 0:04:27]}
55.Nxg8 {[%clk 0:01:21]} 1/2-1/2

[Event "13. Golden Prague Rapid Open"]
[Site "Praha"]
[Date "2017.07.01"]
[Round "5.5"]
[White "Fedorov, Evgueny"]
[Black "Plasek, Zdenek"]
[Result "1-0"]
[WhiteElo "2251"]
[BlackElo "1993"]
[Annotator ""]
[Source ""]
[Remark ""]

1.e4 {[%clk 0:12:04]} c5 {[%clk 0:12:03]} 2.Nf3 {[%clk 0:12:05]}
d6 {[%clk 0:12:04]} 3.d4 {[%clk 0:12:07]} cxd4 {[%clk 0:12:05]}
4.Nxd4 {[%clk 0:12:08]} Nf6 {[%clk 0:12:06]} 5.Nc3 {[%clk 0:12:09]}
Nc6 {[%clk 0:12:06]} 6.Bg5 {[%clk 0:12:06]} e6 {[%clk 0:11:44]}
7.Qd2 {[%clk 0:12:07]} a6 {[%clk 0:11:20]} 8.O-O-O {[%clk 0:11:54]}
Qb6 {[%clk 0:11:01]} 9.Nb3 {[%clk 0:10:45]} Qc7 {[%clk 0:09:39]}
10.f4 {[%clk 0:08:30]} b6 {[%clk 0:09:35]} 11.g3 {[%clk 0:07:37]}
Bb7 {[%clk 0:09:36]} 12.Bg2 {[%clk 0:07:37]} Rc8 {[%clk 0:09:31]}
13.Rhe1 {[%clk 0:07:08]} h6 {[%clk 0:09:07]} 14.Bxf6 {[%clk 0:07:00]}
gxf6 {[%clk 0:09:08]} 15.Kb1 {[%clk 0:04:59]} b5 {[%clk 0:08:34]}
16.Bh3 {[%clk 0:03:38]} Nb4 {[%clk 0:05:28]} 17.f5 {[%clk 0:03:10]}
e5 {[%clk 0:05:04]} 18.a3 {[%clk 0:03:02]} Nc6 {[%clk 0:04:44]}
19.Nd5 {[%clk 0:03:04]} Qd8 {[%clk 0:04:46]} 20.Qe2 {[%clk 0:02:21]}
h5 {[%clk 0:04:23]} 21.Rd3 {[%clk 0:02:02]} a5 {[%clk 0:04:11]}
22.Red1 {[%clk 0:01:35]} a4 {[%clk 0:04:11]} 23.Nd2 {[%clk 0:01:31]}
Nd4 {[%clk 0:04:11]} 24.Rxd4 {[%clk 0:01:33]} exd4 {[%clk 0:04:13]}
25.Nf3 {[%clk 0:01:22]} Bg7 {[%clk 0:02:55]} 26.Nxd4 {[%clk 0:01:23]}
Kf8 {[%clk 0:02:46]} 27.Nxb5 {[%clk 0:01:21]} Ba6 {[%clk 0:02:46]}
28.c4 {[%clk 0:01:21]} Rc5 {[%clk 0:02:03]} 29.Ndc3 {[%clk 0:01:14]}
Qc8 {[%clk 0:01:37]} 30.Rxd6 {[%clk 0:01:00]} Bxb5 {[%clk 0:00:54]}
31.cxb5 {[%clk 0:00:53]} Bh6 {[%clk 0:00:35]} 32.Qd3 {[%clk 0:00:44]}
Kg7 {[%clk 0:00:33]} 33.b6 {[%clk 0:00:46]} Qb8 {[%clk 0:00:21]}
34.Nxa4 {[%clk 0:00:37]} Rc1+ {[%clk 0:00:16]} 35.Ka2 {[%clk 0:00:39]}
Rhc8 {[%clk 0:00:15]} 36.Qd4 {[%clk 0:00:34]} Bg5 {[%clk 0:00:13]}
37.Nc3 {[%clk 0:00:24]} Re8 {[%clk 0:00:07]} 38.Rd7 {[%clk 0:00:22]}
h4 {[%clk 0:00:00]} 39.gxh4 {[%clk 0:00:22]} Bf4 {[%clk 0:00:00]} 1-0

[Event "13. Golden Prague Rapid Open"]
[Site "Praha"]
[Date "2017.07.01"]
[Round "5.6"]
[White "Peyrer, Konstantin"]
[Black "Rydl, Jiri"]
[Result "0-1"]
[WhiteElo "1921"]
[BlackElo "2196"]
[Annotator ""]
[Source ""]
[Remark ""]

1.e3 {[%clk 0:12:04]} d5 {[%clk 0:12:04]} 2.c4 {[%clk 0:12:05]}
c6 {[%clk 0:12:04]} 3.Nc3 {[%clk 0:12:05]} Nf6 {[%clk 0:12:06]}
4.d4 {[%clk 0:12:06]} e6 {[%clk 0:12:07]} 5.Nf3 {[%clk 0:12:06]}
Nbd7 {[%clk 0:12:08]} 6.Qc2 {[%clk 0:12:06]} Bd6 {[%clk 0:12:09]}
7.Bd3 {[%clk 0:12:07]} O-O {[%clk 0:12:07]} 8.b3 {[%clk 0:12:08]}
Qe7 {[%clk 0:11:52]} 9.O-O {[%clk 0:12:06]} Re8 {[%clk 0:11:49]}
10.Bb2 {[%clk 0:12:03]} e5 {[%clk 0:11:24]} 11.cxd5 {[%clk 0:11:56]}
e4 {[%clk 0:11:24]} 12.Nxe4 {[%clk 0:11:53]} Nxe4 {[%clk 0:11:24]}
13.dxc6 {[%clk 0:11:54]} Nf8 {[%clk 0:10:18]} 14.Ne5 {[%clk 0:11:50]}
Nf6 {[%clk 0:10:16]} 15.Bb5 {[%clk 0:11:35]} Rd8 {[%clk 0:09:28]}
16.Rac1 {[%clk 0:11:27]} Ng6 {[%clk 0:09:11]} 17.Rfd1 {[%clk 0:10:00]}
a6 {[%clk 0:09:09]} 18.Bc4 {[%clk 0:09:59]} Rf8 {[%clk 0:08:09]}
19.Nxg6 {[%clk 0:09:16]} hxg6 {[%clk 0:08:11]} 20.d5 {[%clk 0:09:13]}
Bf5 {[%clk 0:08:06]} 21.Qc3 {[%clk 0:09:12]} b5 {[%clk 0:07:54]}
22.Bf1 {[%clk 0:09:06]} Rfe8 {[%clk 0:07:51]} 23.Qd4 {[%clk 0:08:32]}
Qc7 {[%clk 0:07:38]} 24.h3 {[%clk 0:08:01]} Re5 {[%clk 0:06:59]}
25.Qc3 {[%clk 0:07:41]} Rae8 {[%clk 0:05:59]} 26.Rd4 {[%clk 0:06:58]}
b4 {[%clk 0:05:33]} 27.Qc4 {[%clk 0:06:25]} Be4 {[%clk 0:05:21]}
28.Rcd1 {[%clk 0:06:22]} Rh5 {[%clk 0:04:58]} 29.R1d2 {[%clk 0:05:12]}
Rxh3 {[%clk 0:04:03]} 30.f3 {[%clk 0:04:17]} Bxf3 {[%clk 0:04:04]}
31.Rh4 {[%clk 0:04:11]} Rxh4 {[%clk 0:03:49]} 32.Qxh4 {[%clk 0:04:12]}
Be4 {[%clk 0:02:56]} 33.Bxf6 {[%clk 0:03:58]} gxf6 {[%clk 0:02:58]}
34.Qxf6 {[%clk 0:03:57]} Re5 {[%clk 0:02:39]} 35.Bxa6 {[%clk 0:03:40]}
Rh5 {[%clk 0:02:03]} 36.Bc4 {[%clk 0:01:47]} Bh2+ {[%clk 0:02:01]}
37.Kf1 {[%clk 0:01:38]} Rf5+ {[%clk 0:02:00]} 38.Rf2 {[%clk 0:01:39]}
Rxf6 {[%clk 0:02:01]} 39.Rxf6 {[%clk 0:01:41]} Bd6 {[%clk 0:01:59]}
40.Ke2 {[%clk 0:01:37]} Kg7 {[%clk 0:02:01]} 41.Rf1 {[%clk 0:01:38]}
f5 {[%clk 0:01:55]} 42.Rg1 {[%clk 0:01:31]} Bc5 {[%clk 0:01:50]}
43.g3 {[%clk 0:01:29]} Qe5 {[%clk 0:01:51]} 0-1